000 00281nam a22001337a 4500
008 170209b xxu||||| |||| 00| 0 eng d
020 _a9781581100952
041 _aeng
080 _226ED
_a61
100 _a4
101 _aSHM
245 _aRED BOOK
_cPICKERING.K
942 _2udc
_cBK
999 _c5015
_d5015